000 01060nam a2200277 a 4500
005 20141209151244.0
008 141124b2006 ck ||||| |||| 00| 0 spa d
040 _cCO-BoIH
041 _aspa
044 _ack
090 _aIAVH
_b00598
100 1 _aMaya Velez, Diana Lucía
_929009
245 1 0 _aAnálisis de la acción colectiva y lineamientos para el diseño e implementación de un plan de comanejo de bejucos con artesanos de Filandia y Circacia-Quindio :
_binforme final
260 _aBogotá :
_bInstituto Alexander von Humboldt,
_c2007.
300 _a96 p.
_c28 cm.
500 _aEn el marco del proyecto Conservación y uso sostenible de la biodiversidad de los Andes Colombianos.
650 0 4 _aBejucos
_xplanes de manejo
_929970
650 0 4 _aArtesanías
_929971
651 _aColombia
_zFilandia (Dpto. Quindío)
_929972
651 _aColombia
_zCircacia (Dpt. Quindío)
_929973
700 1 _aCastillo Brieva, Daniel
_92218
700 1 _aRamos, Pablo
_929014
700 _aAlayón, Laura
_929015
942 _cINFORME
_2z
945 _d2007-05-16
999 _c5515
_d5515